000 00955nam a2200265Ia 4500
003 OSt
005 20221005111504.0
006 a|||||r|||| 00| 0
007 ta
008 221004b |||||||| |||| 00| 0 mal d
024 _a110014
037 _cTextual
040 _aCRL
_cCRL
_bmal
041 _2mal
_amal
082 _aO32,3N12,RA, 152N2
100 _aपिळळ, तकष़्ाी शिवशंकर
_9167283
245 0 _aरस्सी
246 _aRassī
260 _aनई दिल्ली
_bसाहित्य अकादमी भारत
_c1992
300 _a1043पृ0
_ccm.
650 _aमलयालम साहित्य
700 _a चतुर्वेदी, सुधांशु
942 _hO32,3N12,RA, 152N2
_cTEXL
_2cc
999 _c1021992
_d1021992